|
|
|
|
| LEADER |
00000naa a2200000 i 4500 |
| 001 |
publ2044 |
| 005 |
20230508142113.0 |
| 008 |
230330s2023 hu o 000 zxx d |
| 020 |
|
|
|a 978-615-6342-80-5
|
| 024 |
|
|
|a 10.29180/978-615-6342-50-8_9
|2 doi
|
| 040 |
|
|
|a BGE Publikációtár Repozitórium
|b hun
|
| 100 |
1 |
|
|a Hegedűs Mihály
|
| 245 |
1 |
0 |
|a Könyvvizsgálati módszertani változások a számviteli becslések területén
|c Hegedűs Mihály
|h [elektronikus dokumentum]
|
| 260 |
|
|
|a Budapesti Gazdasági Egyetem
|b Budapest, Magyarország
|c 2023
|
| 300 |
|
|
|a 112-126
|
| 490 |
0 |
|
|a Integrált gondolkodás és integrált vállalati jelentés: fenntarthatósági kockázatok a gazdasági és energetikai válság árnyékában Magyar Tudomány Ünnepe konferencia kötet 2023
|
| 520 |
3 |
|
|a A digitalizáció térhódításának hatását a könyvvizsgálati folyamat és módszerek változásának is követni kellett. Egy gazdálkodó egység stakeholderei a rendelkezésre álló pénzügyi információkból tájékozódnak a gazdálkodó egység működéséről, gazdasági erőforrásainak, kötelmeinek változásáról hozzák meg a szükséges döntéseket a lehetséges partneri kapcsolatról. A pénzügyi kimutatások egy része a már bekövetkezett gazdasági esemény megtörténtét dokumentálja, ugyanakkor a beszámolóban számos olyan események, amelyek értéke – mérhetősége hiányában – csak becsléssel állapítható meg. A becslés magába foglalja a jövőre vonatkozó várakozásokat, amely nem mérhető, csak becsülhető érték. A könyvvizsgálati folyamatokat és módszereket folyamatosan változtatni szükséges azért, hogy megfeleljen a környezeti hatásoknak és elvárásoknak. A jelenlegi helyzetben, amikor háborús és járvány hatásokkal is kalkulálnunk kell, előtérbe kerül a becslés fontossága, s kiemelt figyelmet kell fordítani arra, hogy vajon a becslések értéke megfelelően alátámasztott-e, elegendő-e. A tanulmány a becslésekkel kapcsolatos problémákat egy primer kutatásból származó adatok feldolgozásával elemzi s határozza meg a könyvvizsgálat lehetséges válaszait.
|
| 650 |
|
4 |
|a közgazdaságtudományok
|
| 695 |
|
|
|a számviteli becslés
|
| 695 |
|
|
|a könyvvizsgálói válaszok
|
| 856 |
4 |
0 |
|u https://publikaciotar.uni-bge.hu/id/eprint/2044/1/Heged%C5%B1s%20M.pdf
|z Dokumentum-elérés
|